Pembangunan tanah pertanian menurut ekonomi Islam : kajian di Felcra Berhad, Seberang Perak, Perak /
Saved in:
| 主要作者: | |
|---|---|
| 格式: | Thesis 圖書 |
| 語言: | Malay |
| 主題: | |
| 標簽: |
添加標簽
沒有標簽, 成為第一個標記此記錄!
|
| LEADER | 01518cam a2200349 a 4500 | ||
|---|---|---|---|
| 001 | u737405 | ||
| 003 | SIRSI | ||
| 005 | 200704241115 | ||
| 008 | 070424s2006 my t 000 0 may m | ||
| 040 | |a UMM |d UMA |e rda | ||
| 043 | |a a-my-pe | ||
| 090 | |a BP42 |b A1 UM 2006 Muhhms | ||
| 094 | |a BP42 |b A1 UM 2006 Muhhms | ||
| 100 | 0 | |a Muhammad Hakimi Mohd Shafiai |e author. | |
| 245 | 1 | 0 | |a Pembangunan tanah pertanian menurut ekonomi Islam : |b kajian di Felcra Berhad, Seberang Perak, Perak / |c Muhammad Hakimi bin Mohd Shafiai. |
| 264 | 1 | |c 2006. | |
| 264 | 4 | |c 2006. | |
| 300 | |a xv, [157] leaves ; |c 30 cm. | ||
| 336 | |a text |2 rdacontent | ||
| 337 | |a unmediated |2 rdamedia | ||
| 338 | |a volume |2 rdacarrier | ||
| 502 | |a Dissertation (M.Syariah) -- Jabatan Syariah dan Ekonomi, Akademi Pengajian Islam, Universiti Malaya, 2006. | ||
| 504 | |a Bibliography: leaves 141-149. | ||
| 650 | 0 | |a Economics |x Religious aspects |x Islam. | |
| 650 | 0 | |a Land use |x Religious aspects |x Islam. | |
| 651 | 0 | |a Perak |x Economic conditions. | |
| 710 | 2 | |a Universiti Malaya. |b Jabatan Syariah dan Ekonomi. | |
| 596 | |a 1 12 18 | ||
| 900 | |a HA | ||
| 999 | |a BP42 A1 UM 2006 MUHHMS |w LC |c 1 |i A512690636 |d 18/5/2015 |e 18/5/2015 |f 29/10/2007 |g 1 |l STACKS |m P12ISLAMKL |n 2 |r Y |s Y |t TESIS |u 25/10/2007 | ||
| 999 | |a BP42 A1 UM 2006 MUHHMS |w LC |c 1 |i A512838067 |d 25/4/2015 |e 25/4/2015 |f 4/12/2007 |g 1 |l STACKS |m P01UTAMA |n 10 |r Y |s Y |t TESIS |u 4/12/2007 | ||
| 999 | |a BP42 A1 UM 2006 MUHHMS |w LC |c 1 |i A512983196 |d 15/1/2008 |f 15/1/2008 |g 1 |l RESERVES |m P18ISLPURI |r Y |s Y |t TESIS |u 15/1/2008 | ||
